| 000 | 01767cam a22001934a 4500 | ||
|---|---|---|---|
| 005 | 20250605164357.0 | ||
| 008 | 250528s ||||||||||||||||||||||||d | ||
| 035 | _a24358 | ||
| 040 |
_aGR-AtMCL _bgre _dGR-AtMCL _eAACR2 |
||
| 245 | 1 | _aPeoplecert: Η Ελληνική Πολυεθνική Υψηλής Τεχνολογίας / Special Report - Cloud Computing: Ωριμάζει με Αργούς Ρυθμούς η Ελληνική Αγορά Cloud Computing | |
| 260 | _c2017 | ||
| 300 | _a50 | ||
| 520 | _aΈκθεση ISE 2017: Η Samsung Electronics Παρουσίασε Καινοτόμες Λύσεις Ψηφιακής Σήμανσης, 9ο Συνέδριο IT Service Management: Αναζητώντας Περισσότερη Αξία, Ωριμάζει με Αργούς Ρυθμούς η Ελληνική Αγορά Cloud Computing, 6+1 Μετρητές Απόδοσης που Μετράνε για τις Επιχειρήσεις, Τράπεζες σε Ηλεκτρονική Πολιορκία, Θεσμικό Πλαίσιο Θωρακίζει τους Ευρωπαίους και τα Προσωπικά τους Δεδομένα, Τράπεζες σε Ηλεκτρονική Πολιορκία, Έχει Ρόλο ο CFO στον Ψηφιακό Μετασχηματισμό, Το IoT από την Σκοπιά του ITSM, Infosoc 2017: Το Ετήσιο Σημείο Αναφοράς για την Αγορά της Ασφάλειας Πληροφοριών, Περιορίζοντας το Brain Drain Πετυχαίνουμε Brain Mobility, Στήλη R&D, Στήλη Disruptor. | ||
| 700 | 1 |
_aΜαρκέτος Παναγιώτης _99453 |
|
| 700 | 1 |
_aΜπούσιας Μιχάλης Κ _99357 |
|
| 942 | _cCR | ||
| 999 |
_c9246 _d9246 |
||